Termodinámica para ingenieros

Bibliographic Details
Main Authors: Potter, Merle C., Somerton, Craig W
Format: Section = Libro
Language:Undetermined
Spanish
Published: España McGraw-Hill 2004
Subjects:
LEADER 00612nam a2200229Ia 4500
008 240829s9999 xx 000 0 und d
020 |a 84-481-4282-9 
040 |a BIBLIOTECA-RUSB/ 621.4021 P868 
041 |a spa 
082 |a 621.4021 P868 
100 1 |a Potter, Merle C.  
100 1 |b  Somerton, Craig W 
245 1 0 |a Termodinámica para ingenieros 
260 |a España  |b McGraw-Hill  |c 2004 
300 |a 388 p. :il. 
650 7 |a TERMODINAMICA 
650 7 |b  PROPIEDADES - SUSTANCIAS PURAS 
650 7 |c  TRABAJO Y CALOR 
650 7 |d  CONVERSION - UNIDADES 
942 |c BK  |2 ddc 
991 |a TEXTO 
999 |c 3561